[Event "ICS rated standard match"]
[Site "204.178.125.65"]
[Date "2000.12.08"]
[Round "?"]
[White "BrazilianMaster"]
[Black "Hossa"]
[Result "1-0"]
[WhiteElo "2698"]
[BlackElo "2358"]
[PlyCount "135"]
[EventDate "2000.??.??"]

1. c4 Nf6 2. d4 Nc6 3. Nc3 e5 4. Nf3 exd4 5. Nxd4 Bc5 6. Nxc6 bxc6 7. e3 d5 8.
Qa4 Bd7 9. Bd3 O-O 10. Qc2 Qe7 11. O-O Bd6 12. cxd5 cxd5 13. e4 d4 14. Ne2 Qe5
15. Bf4 Qe7 16. Bxd6 Qxd6 17. Rfc1 Rfc8 18. Qc5 Qxc5 19. Rxc5 Be8 20. Rac1 Nd7
21. Rxc7 Rxc7 22. Rxc7 Ne5 23. Ba6 d3 24. Nc3 d2 25. Kf1 Rd8 26. Ke2 f5 27.
exf5 Rd6 28. Rc5 Nc6 29. Kd1 Ne7 30. Bc4+ Kf8 31. Ne4 Rh6 32. h3 Rb6 33. b3 Bd7
34. g4 Bc6 35. Ng5 h6 36. Ne6+ Kf7 37. Nf4+ Ke8 38. Kxd2 Bd7 39. Rc7 a5 40. Ke3
a4 41. bxa4 Kd8 42. Rc5 Rb4 43. Nh5 g6 44. fxg6 Nxg6 45. a5 Ne5 46. Bb3 Rb5 47.
Rxb5 Bxb5 48. Kd4 Nd3 49. f4 Nf2 50. g5 hxg5 51. fxg5 Be8 52. a6 Kc7 53. Nf6
Bg6 54. Nd7 Ne4 55. a7 Kb7 56. Bd5+ Kxa7 57. Bxe4 Be8 58. Nf6 Bf7 59. h4 Kb8
60. h5 Bxa2 61. h6 Kc7 62. h7 Bf7 63. h8=Q Be6 64. Qg7+ Kb6 65. Qb7+ Ka5 66.
Kc5 Bc4 67. Kxc4 Ka4 68. Qa8# {Hossa checkmated} 1-0

[Event "ICS rated standard match"]
[Site "204.178.125.65"]
[Date "2000.12.08"]
[Round "?"]
[White "Hossa"]
[Black "BrazilianMaster"]
[Result "1-0"]
[WhiteElo "2354"]
[BlackElo "2702"]
[PlyCount "135"]
[EventDate "2000.??.??"]

1. e4 c5 2. Nf3 Nc6 3. d4 cxd4 4. Nxd4 Nf6 5. Nc3 d6 6. Bg5 e6 7. Qd2 a6 8.
O-O-O Bd7 9. f3 Be7 10. h4 Nxd4 11. Qxd4 Rc8 12. Qd2 h6 13. Be3 b5 14. g4 b4
15. Ne2 Qa5 16. Kb1 Ba4 17. Nd4 d5 18. e5 Nd7 19. f4 Bc5 20. Rc1 Qb6 21. h5 O-O
22. Be2 Bb5 23. Bf3 Qa5 24. Nb3 Bxe3 25. Qxe3 Qc7 26. Rhe1 Nb6 27. Nd4 Nc4 28.
Qf2 Bd7 29. Be2 a5 30. Bd3 a4 31. Nf3 a3 32. b3 Nb2 33. Re3 Qc5 34. Qd2 Nxd3
35. Rxd3 Bb5 36. Re3 Rc7 37. Nd4 Rfc8 38. f5 Bd7 39. Rg3 Qf8 40. g5 Rc3 41.
Rgg1 hxg5 42. f6 gxf6 43. exf6 Kh8 44. Qxg5 Qg8 45. Qh4 Qh7 46. Rg7 Qh6 47.
Rxf7 Rd8 48. Ne2 Rf3 49. Qxb4 Bc8 50. Rg1 Ba6 51. Qb6 Rf8 52. Rxf8+ Qxf8 53.
Qxa6 Rxf6 54. Nd4 e5 55. Ne6 e4 56. c3 e3 57. Nxf8 Rxa6 58. Ng6+ Kh7 59. Nf4 d4
60. cxd4 Rf6 61. Rg4 Rd6 62. d5 e2 63. Rg1 Kh6 64. Kc2 Rf6 65. Nxe2 Rf2 66. Kd3
Kxh5 67. d6 Rf7 68. Ke4 {BrazilianMaster resigns} 1-0

[Event "ICS rated standard match"]
[Site "204.178.125.65"]
[Date "2000.12.08"]
[Round "?"]
[White "BrazilianMaster"]
[Black "Hossa"]
[Result "1-0"]
[WhiteElo "2674"]
[BlackElo "2382"]
[PlyCount "141"]
[EventDate "2000.??.??"]

1. e4 e5 2. Nf3 Nf6 3. Nxe5 d6 4. Nf3 Nxe4 5. d4 d5 6. Bd3 Nc6 7. O-O Be7 8.
Re1 Bg4 9. c4 Nf6 10. cxd5 Nxd5 11. Nc3 O-O 12. Be4 Nf6 13. Bxc6 bxc6 14. Qd3
c5 15. Ne5 Qxd4 16. Qxd4 cxd4 17. Nxg4 Nxg4 18. Rxe7 dxc3 19. f3 Nf6 20. Rxc7
Nd5 21. Rc5 cxb2 22. Bxb2 Rfd8 23. Rd1 Nf4 24. Rxd8+ Rxd8 25. Rc4 Ne6 26. Bc3
f5 27. Ra4 Rd7 28. h4 h6 29. h5 Re7 30. Bd2 Nd8 31. Ra6 Rc7 32. Bf4 Rc4 33. Be3
Nc6 34. a3 Nd4 35. Bxd4 Rxd4 36. Rxa7 Rh4 37. Ra5 Rxh5 38. g4 Rg5 39. Rxf5 Rxf5
40. gxf5 Kf7 41. Kf2 Kf6 42. a4 Ke7 43. Kg3 Kd7 44. Kh4 Ke7 45. a5 Kf6 46. a6
Ke5 47. a7 Kxf5 48. a8=Q Kg6 49. Qe8+ Kf6 50. Qf8+ Ke6 51. Qxg7 Kd5 52. f4 Ke6
53. Qd4 Ke7 54. f5 h5 55. Qd5 Kf6 56. Qe6+ Kg7 57. Qe7+ Kh6 58. Qg5+ Kh7 59.
Qe7+ Kh6 60. Qf6+ Kh7 61. Qf7+ Kh8 62. Qe8+ Kg7 63. Qg6+ Kf8 64. Qd6+ Kg7 65.
Qd4+ Kf7 66. Kxh5 Ke8 67. Kg6 Ke7 68. f6+ Ke6 69. f7 Ke7 70. f8=Q+ Kxf8 71.
Qd8# {Hossa checkmated} 1-0

[Event "ICS rated blitz match"]
[Site "204.178.125.65"]
[Date "2000.12.08"]
[Round "?"]
[White "Hossa"]
[Black "IgorIvanov"]
[Result "1/2-1/2"]
[WhiteElo "2533"]
[BlackElo "2342"]
[PlyCount "419"]
[EventDate "2000.??.??"]

1. e4 e5 2. Nf3 Nc6 3. Bb5 Nf6 4. O-O Nxe4 5. d4 Nd6 6. Bxc6 dxc6 7. dxe5 Nf5
8. Qxd8+ Kxd8 9. Nc3 h6 10. Bf4 Be6 11. Rfd1+ Kc8 12. a3 b6 13. a4 a5 14. b3
Kb7 15. Ne2 c5 16. c4 g5 17. Bc1 Bg7 18. Bb2 Rad8 19. Bc3 Ne7 20. Ng3 Rhe8 21.
Nh5 Bh8 22. Nf6 Bxf6 23. exf6 Ng6 24. g3 Bg4 25. Rxd8 Rxd8 26. Nd2 Rd3 27. Rc1
Bh3 28. Nf1 Nf8 29. Nd2 Ne6 30. f3 g4 31. fxg4 Bxg4 32. Ne4 Ng5 33. Nf2 Nh3+
34. Nxh3 Bxh3 35. Kf2 h5 36. Ke2 Rd6 37. Ke3 Bg4 38. Rc2 Bf5 39. Rd2 Rxd2 40.
Kxd2 Kc6 41. Be5 Kd7 42. Bf4 Bg4 43. Kc3 Bd1 44. Be5 c6 45. Bf4 Kc8 46. Kb2 Kb7
47. Bd6 Ka6 48. Kc3 b5 49. axb5+ cxb5 50. Bxc5 b4+ 51. Kb2 Kb7 52. h3 Kc6 53.
Be7 Kb6 54. Bd8+ Ka6 55. Bc7 Be2 56. Bd6 Bd1 57. Bc5 Kb7 58. Bd4 Kc6 59. Be3
Kb7 60. Ka2 Kc6 61. Bd2 Kb6 62. Kb2 Kc6 63. Bh6 Kb6 64. Bf8 Kc6 65. Ka2 Kb6 66.
Bd6 Kc6 67. Be7 Kc7 68. h4 Kc8 69. Bc5 Kb7 70. Kb2 Kc7 71. Be3 Kc6 72. Bh6 Kc7
73. Bf8 Kc6 74. Ka2 Kc7 75. Bh6 Kc6 76. Be3 Kb7 77. Bd2 Kc6 78. Be1 Kb7 79. Kb2
Kc6 80. Bf2 Kb7 81. Bd4 Kc6 82. Bg1 Kb7 83. Ka2 Kc6 84. Bf2 Kb7 85. Bc5 Kc6 86.
Be7 Kc7 87. Kb2 Kc8 88. Bd6 Kb7 89. Be5 Kc6 90. Bd4 Kb7 91. Bg1 Kc6 92. Be3 Kb7
93. Bf4 Kc6 94. Ka2 Kb7 95. Be3 Kc6 96. Bg1 Kb7 97. c5 Kc6 98. Be3 Kb5 99. Bd4
Bg4 100. Kb2 Be6 101. Bg1 Kc6 102. Be3 Kd5 103. Bf2 Kc6 104. Bg1 Kb5 105. Bd4
Kc6 106. Kc2 Kb5 107. Be3 Bf5+ 108. Kb2 Be6 109. g4 Bxg4 110. Bg1 Be6 111. Kc2
Kc6 112. Be3 Kd5 113. Kb2 Bd7 114. Bf2 Ke5 115. Bg3+ Kxf6 116. Bc7 a4 117. Ba5
Kf5 118. Bxb4 Kg4 119. Be1 f5 120. bxa4 Bxa4 121. Kc3 f4 122. Kd4 f3 123. Ke5
Kh3 124. Kf4 Kg2 125. Ke3 Bc6 126. Bf2 Bb7 127. Be1 Bc6 128. Bf2 Bb7 129. Be1
Bc6 130. Bf2 Bb7 131. Be1 Bc6 132. Bf2 Bb7 133. Be1 Bc6 134. Bf2 Bb7 135. Be1
Bc6 136. Bf2 Bb7 137. Be1 Bc6 138. Bf2 Bb7 139. Be1 Bc6 140. Bf2 Bb7 141. Be1
Bc6 142. Bf2 Bb7 143. Be1 Bc6 144. Bf2 Bb7 145. Be1 Bc6 146. Bf2 Bb7 147. Be1
Bc6 148. Bf2 Bd7 149. Be1 Bc6 150. Bf2 Bd7 151. Be1 Bc6 152. Bf2 Bd7 153. Be1
Bg4 154. c6 Kf1 155. Bg3 Kg1 156. c7 Kg2 157. Bf2 Kh3 158. c8=Q Bxc8 159. Kxf3
Bb7+ 160. Kf4 Kg2 161. Bd4 Bc8 162. Kg5 Bg4 163. Bc3 Kf3 164. Bf6 Ke4 165. Bg7
Kd5 166. Kf4 Ke6 167. Bb2 Kf7 168. Kg5 Ke6 169. Bf6 Kd5 170. Kf4 Ke6 171. Ba1
Kd5 172. Be5 Ke6 173. Bc3 Kd5 174. Be1 Ke6 175. Kg5 Kd5 176. Ba5 Ke4 177. Bc7
Kf3 178. Be5 Ke4 179. Bd6 Kd5 180. Bc7 Kc4 181. Kf4 Kb5 182. Be5 Kc6 183. Bd4
Kd5 184. Bb6 Kc4 185. Ke4 Kb5 186. Bd4 Kc6 187. Be5 Kb5 188. Bg7 Kb4 189. Bd4
Kc4 190. Bf6 Kb5 191. Be7 Ka6 192. Bf8 Kb5 193. Kf4 Ka4 194. Ke3 Kb5 195. Ke4
Kc6 196. Ke5 Kd7 197. Bc5 Kc6 198. Bd4 Kb5 199. Kf4 Kb4 200. Bf2 Kc4 201. Ke4
Kb3 202. Bc5 Kc4 203. Bd6 Kc3 204. Be5+ Kc4 205. Bf4 Kc5 206. Bg3 Kc6 207. Ke5
Kb5 208. Kf4 Kc4 209. Kg5 Kb5 210. Bd6 {Game drawn by the 50 move rule} 1/2-1/2

[Event "ICS rated blitz match"]
[Site "204.178.125.65"]
[Date "2000.12.08"]
[Round "?"]
[White "Hossa"]
[Black "IgorIvanov"]
[Result "1-0"]
[WhiteElo "2525"]
[BlackElo "2341"]
[PlyCount "199"]
[EventDate "2000.??.??"]

1. e4 e5 2. Nf3 Nc6 3. Bb5 Nf6 4. d3 d6 5. O-O Bd7 6. c3 Be7 7. Ba4 O-O 8. Na3
Kh8 9. Bd2 Ng8 10. b4 Bf6 11. Be3 g6 12. b5 Nce7 13. d4 Bg7 14. dxe5 dxe5 15.
Qc2 Qe8 16. Rad1 Nc8 17. Nc4 Nb6 18. Ncxe5 Bxb5 19. Bxb5 Qxb5 20. c4 Qa4 21.
Qxa4 Nxa4 22. Rd7 Nf6 23. Rxc7 Kg8 24. Rxb7 Nxe4 25. Rxa7 Rxa7 26. Bxa7 Ra8 27.
Bd4 Nac3 28. Bxc3 Nxc3 29. Ra1 Re8 30. Re1 Nxa2 31. Nd7 Rc8 32. Re7 Nb4 33. g3
Nc6 34. Re3 Nd4 35. Nd2 Ne6 36. Nb6 Rb8 37. Nd5 Rb2 38. Nb3 Rc2 39. Re4 Bf8 40.
Kg2 Nc5 41. Nxc5 Bxc5 42. Rf4 f5 43. h3 h5 44. g4 hxg4 45. hxg4 Bd6 46. Rf3
fxg4 47. Rc3 Rxc3 48. Nxc3 Kf7 49. Nd5 Ke6 50. Ne3 Ke5 51. Kg3 Kd4+ 52. Kxg4
Kd3 53. Kg5 Bc5 54. Kxg6 Ke2 55. Ng4 Kd3 56. f4 Kxc4 57. f5 Bd4 58. Kf7 Kd5 59.
Nh6 Kd6 60. Kg6 Ke7 61. Ng4 Kf8 62. Kg5 Bb2 63. Nh2 Kf7 64. Nf1 Bc1+ 65. Kh5
Kf6 66. Kg4 Kf7 67. Nh2 Bd2 68. Kf3 Bc1 69. Nf1 Bb2 70. Ng3 Bc1 71. Nh1 Bb2 72.
Nf2 Bd4 73. Nd3 Bc3 74. Nf4 Be5 75. Ng2 Kf6 76. Ke4 Bc3 77. Nh4 Bb2 78. Ng6 Ba1
79. Nf4 Bb2 80. Ne6 Ba1 81. Kf4 Kf7 82. Ng5+ Kf6 83. Kg4 Bb2 84. Nf3 Kf7 85.
Ng1 Kf6 86. Nh3 Bc1 87. Nf2 Kf7 88. Nd3 Bd2 89. Nb2 Bc3 90. Nd1 Ba1 91. Nf2 Bb2
92. Kf4 Bc3 93. Ke4 Bb2 94. Nh3 Kf6 95. Ng1 Kf7 96. Ne2 Kf6 97. Kf4 Kf7 98. Kg4
Kf6 99. Ng3 Bc3 100. Ne4+ {IgorIvanov resigns} 1-0

[Event "ICS rated blitz match"]
[Site "204.178.125.65"]
[Date "2000.12.08"]
[Round "?"]
[White "IgorIvanov"]
[Black "Hossa"]
[Result "0-1"]
[WhiteElo "2333"]
[BlackElo "2533"]
[PlyCount "74"]
[EventDate "2000.??.??"]

1. e4 e5 2. Nf3 Nc6 3. Bc4 Be7 4. O-O Nf6 5. Re1 Nxe4 6. d3 Nd6 7. Nxe5 Nxe5 8.
Rxe5 Nxc4 9. dxc4 O-O 10. Nc3 d6 11. Re3 c6 12. b3 Re8 13. Bb2 Bf5 14. g4 Bd7
15. Qf3 Bf6 16. Rae1 Rxe3 17. Rxe3 Be5 18. h3 f5 19. Nd1 Bxb2 20. Nxb2 Qg5 21.
Nd3 fxg4 22. hxg4 Bxg4 23. Qg3 Rf8 24. Qxd6 Bf3+ 25. Qg3 Qh5 26. Qh2 Qf5 27.
Ne5 Be4 28. Qg3 Bxc2 29. Ng4 Qg5 30. Re5 Qc1+ 31. Kg2 Qa3 32. c5 Bg6 33. Qc3
Qxa2 34. Re7 Bf7 35. Rxb7 Bd5+ 36. Kg3 Rf3+ 37. Kh4 Rxc3 {IgorIvanov resigns}
0-1

[Event "ICS rated blitz match"]
[Site "204.178.125.65"]
[Date "2000.12.08"]
[Round "?"]
[White "PostModernist"]
[Black "Hossa"]
[Result "1-0"]
[WhiteElo "2533"]
[BlackElo "2541"]
[PlyCount "73"]
[EventDate "2000.??.??"]

1. d4 d5 2. Nf3 Nf6 3. e3 Bf5 4. c4 c6 5. Nc3 e6 6. Be2 dxc4 7. Bxc4 Nbd7 8.
O-O Bd6 9. h3 Nd5 10. Qe2 N7f6 11. Ng5 Nxc3 12. bxc3 Qa5 13. e4 Bg6 14. e5 Qxc3
15. Bb2 Qa5 16. d5 Bxe5 17. Bxe5 cxd5 18. Bxf6 gxf6 19. Nxe6 dxc4 20. Nc7+ Kf8
21. Nxa8 Kg7 22. Qxc4 Rxa8 23. Rfe1 Rg8 24. Re7 b6 25. Rd1 b5 26. Qb3 Rc8 27.
Rdd7 Rc1+ 28. Kh2 Qb6 29. Qg3 Rc4 30. Rxf7+ Kg8 31. Rxh7 Rg4 32. Qxg4 Qd6+ 33.
Rxd6 Kxh7 34. Rd7+ Kh6 35. Qf4+ Kh5 36. g4+ Kh4 37. Qxf6# {Hossa checkmated}
1-0

[Event "ICS rated standard match"]
[Site "204.178.125.65"]
[Date "2000.12.08"]
[Round "?"]
[White "diep"]
[Black "Hossa"]
[Result "1-0"]
[WhiteElo "2527"]
[BlackElo "2377"]
[PlyCount "57"]
[EventDate "2000.??.??"]

1. d4 c6 2. c4 Nf6 3. Nf3 d5 4. Nc3 dxc4 5. a4 Qa5 6. Bd2 Qf5 7. e3 Be6 8. Ne5
c5 9. Nb5 Na6 10. Nxc4 Ne4 11. f3 Nxd2 12. Qxd2 Qh5 13. Na5 Qh4+ 14. g3 Qh5 15.
Nxb7 Bd5 16. Nxc5 Bxf3 17. Nxa6 Bxh1 18. Nbc7+ Kd8 19. Nxa8 Bxa8 20. Qc3 Bc6
21. Qxc6 Qa5+ 22. b4 Qxa6 23. Bxa6 e6 24. Qb7 Bxb4+ 25. Qxb4 Kd7 26. Bb5+ Kc8
27. Rc1+ Kb8 28. Bd3+ Ka8 29. Be4# {Hossa checkmated} 1-0

[Event "ICS rated blitz match"]
[Site "204.178.125.65"]
[Date "2000.12.08"]
[Round "?"]
[White "Hossa"]
[Black "QuarkX"]
[Result "1-0"]
[WhiteElo "2514"]
[BlackElo "2415"]
[PlyCount "117"]
[EventDate "2000.??.??"]

1. d4 d5 2. c4 dxc4 3. e4 b5 4. a4 c6 5. axb5 cxb5 6. Nc3 Bd7 7. Be2 a5 8. Nf3
e6 9. O-O b4 10. Na4 Bc6 11. Qc2 b3 12. Qxc4 Bxe4 13. Qxb3 Bd5 14. Qb5+ Bc6 15.
Qb6 Qxb6 16. Nxb6 Ra7 17. Bd2 a4 18. Ne5 Ne7 19. Rfc1 Rb7 20. Nxa4 Bd5 21. Nc3
Bc6 22. Bd3 Rb3 23. Rcb1 h6 24. Ne4 Bxe4 25. Bxe4 g5 26. Bc2 Rb7 27. Ba4+ Nd7
28. Bxd7+ Rxd7 29. Ra8+ Rd8 30. Rxd8+ Kxd8 31. Nxf7+ Ke8 32. Nxh8 Bg7 33. Ra1
Bxd4 34. Ra8+ Kd7 35. Nf7 Nf5 36. g4 Nh4 37. Bc3 e5 38. Bxd4 exd4 39. Ra6 Nf3+
40. Kg2 Ne1+ 41. Kg3 d3 42. Ne5+ Ke7 43. Nf3 Nxf3 44. Kxf3 d2 45. Ke2 Kf7 46.
Rxh6 Kg7 47. Rh5 d1=Q+ 48. Kxd1 Kf6 49. b4 Ke5 50. Rh6 Ke4 51. b5 Kf3 52. h3
Kxf2 53. b6 Ke3 54. b7 Kf3 55. b8=Q Kg2 56. Ke2 Kg1 57. Kf3 Kh1 58. Kg3 Kg1 59.
Qb1# {QuarkX checkmated} 1-0

[Event "ICS unrated blitz match"]
[Site "204.178.125.65"]
[Date "2000.12.08"]
[Round "?"]
[White "diep"]
[Black "Hossa"]
[Result "1-0"]
[WhiteElo "2747"]
[BlackElo "2526"]
[PlyCount "121"]
[EventDate "2000.??.??"]

1. e4 e5 2. Nf3 Nc6 3. Bb5 Nf6 4. O-O Nxe4 5. d4 Nd6 6. Bxc6 dxc6 7. dxe5 Nf5
8. Qxd8+ Kxd8 9. Nc3 h6 10. b3 Be6 11. Bb2 Kc8 12. Rad1 Be7 13. Rd3 Rd8 14.
Rfd1 Rxd3 15. Rxd3 h5 16. Ne2 Bd5 17. Nd2 g5 18. c4 Be6 19. Ne4 b5 20. cxb5
cxb5 21. Bc1 g4 22. Nf4 Ng7 23. Nf6 Bf5 24. Rd1 h4 25. N4d5 Bd8 26. Ne3 Bb1 27.
Nexg4 Bxa2 28. Rd3 Ne6 29. Be3 a5 30. Nh6 Bb1 31. Rc3 Bg6 32. f4 Bxf6 33. exf6
a4 34. f5 axb3 35. fxg6 b2 36. Rb3 Ra3 37. Rxb2 fxg6 38. Kf2 h3 39. gxh3 c6 40.
Ng4 Rc3 41. Ra2 b4 42. f7 Ra3 43. Re2 b3 44. Bh6 Ra2 45. Bg7 Rxe2+ 46. Kxe2 Kd7
47. Bb2 Ke7 48. Nh6 Kf8 49. Kd3 c5 50. Be5 Ke7 51. Kc4 Nf8 52. Kxb3 Nd7 53. Bg7
Nf8 54. Bxf8+ Kxf8 55. Kc4 g5 56. Kxc5 Kg7 57. Kd5 Kg6 58. f8=Q g4 59. Nxg4 Kh7
60. Ke6 Kg6 61. Qh6# {Hossa checkmated} 1-0

[Event "ICS unrated blitz match"]
[Site "204.178.125.65"]
[Date "2000.12.08"]
[Round "?"]
[White "Hossa"]
[Black "diep"]
[Result "1/2-1/2"]
[WhiteElo "2526"]
[BlackElo "2747"]
[PlyCount "121"]
[EventDate "2000.??.??"]

1. d4 Nf6 2. Nc3 d5 3. Bf4 Bf5 4. e3 e6 5. Bd3 Ne4 6. Nxe4 dxe4 7. Bc4 Nd7 8.
Ne2 Nb6 9. Bb3 Nd5 10. Be5 f6 11. Bg3 Be7 12. a3 O-O 13. c4 Nb6 14. O-O Qc8 15.
Nc3 Rd8 16. Qh5 c5 17. d5 exd5 18. Nxd5 Nxd5 19. cxd5 c4 20. Bxc4 Qxc4 21. Qxf5
Qxd5 22. Qxd5+ Rxd5 23. Rac1 Rb5 24. Rc2 Rd8 25. h4 Rd3 26. Rfc1 Kf7 27. a4 Rb4
28. Ra1 Rdb3 29. Ra2 Ke6 30. Kf1 f5 31. Bc7 Rd3 32. h5 Rd1+ 33. Ke2 Rg1 34. Bb8
Rb3 35. Rd2 Bc5 36. g3 Rb1 37. Rd1 R3xb2+ 38. Rxb2 Rxb2+ 39. Rd2 Rxd2+ 40. Kxd2
a6 41. Bc7 b5 42. axb5 axb5 43. Ba5 Bd6 44. Kc2 g5 45. hxg6 hxg6 46. Kc3 Kd5
47. Bd8 Bf8 48. Bf6 Bc5 49. Kb3 Ke6 50. Bg5 Kd6 51. Bf6 Ke6 52. Bg5 Kd6 53. Bf6
Ke6 54. Bg5 Bd6 55. Bd8 Bf8 56. Bg5 Bc5 57. Kc3 Ke5 58. Kb3 Ke6 59. Kc3 Ba3 60.
Kb3 Bc5 61. Kc3 {Game drawn by repetition} 1/2-1/2

[Event "ICS rated standard match"]
[Site "204.178.125.65"]
[Date "2000.12.08"]
[Round "?"]
[White "Hossa"]
[Black "diep"]
[Result "0-1"]
[WhiteElo "2368"]
[BlackElo "2536"]
[PlyCount "130"]
[EventDate "2000.??.??"]

1. d4 Nf6 2. c4 e6 3. Nc3 Bb4 4. e3 d5 5. Bd3 O-O 6. cxd5 exd5 7. Bd2 c6 8. Nf3
Bd6 9. Qc2 Re8 10. O-O Qe7 11. Bf5 Bxf5 12. Qxf5 Nbd7 13. Ne1 Qe6 14. Qxe6 fxe6
15. f3 e5 16. Nd3 e4 17. fxe4 Nxe4 18. Nxe4 Rxe4 19. h3 Nb6 20. b3 Nd7 21. Rf5
Nf6 22. Raf1 Ree8 23. Nf2 a6 24. g4 Re6 25. g5 Nh5 26. Nh1 Be7 27. h4 Re4 28.
R1f3 Rxh4 29. Nf2 Rf8 30. Rxf8+ Bxf8 31. Kg2 Be7 32. Rf5 g6 33. Re5 Kf7 34. Be1
Ng7 35. Nh3 Rh5 36. a4 Nf5 37. e4 Ne3+ 38. Kg3 Bd6 39. exd5 c5 40. Bc3 cxd4 41.
Bxd4 Nf5+ 42. Kg2 Nxd4 43. Re3 Nf5 44. Rd3 Bc5 45. Kh2 Ke7 46. b4 Bxb4 47. Rb3
Rh4 48. Kg2 Kd6 49. Nf2 b6 50. Rh3 Kxd5 51. Rd3+ Rd4 52. Rb3 Bc5 53. Rd3 Rxd3
54. Nxd3 Ke4 55. Ne1 b5 56. axb5 axb5 57. Nf3 Be3 58. Ne1 Nd4 59. Kf1 b4 60.
Kg2 b3 61. Kh3 b2 62. Ng2 b1=Q 63. Nxe3 Qg1 64. Nc4 Kf4 65. Kh4 Qg3# {
Hossa checkmated} 0-1

[Event "ICS unrated blitz match"]
[Site "204.178.125.65"]
[Date "2000.12.08"]
[Round "?"]
[White "diep"]
[Black "Hossa"]
[Result "1-0"]
[WhiteElo "2747"]
[BlackElo "2515"]
[PlyCount "197"]
[EventDate "2000.??.??"]

1. d4 Nf6 2. c4 e6 3. Nc3 Bb4 4. Qc2 O-O 5. a3 Bxc3+ 6. Qxc3 b6 7. Bg5 Bb7 8.
f3 h6 9. Bh4 d5 10. e3 Nbd7 11. Nh3 c5 12. cxd5 Bxd5 13. dxc5 bxc5 14. Bd3 Qb6
15. e4 Bb3 16. O-O c4+ 17. Bf2 Qb5 18. a4 Qc6 19. a5 Rfd8 20. Rfc1 Rac8 21. Be2
Qc7 22. Be3 e5 23. Nf2 Qb8 24. a6 Nf8 25. Ra5 Ng6 26. g3 Rc6 27. Bd1 Bxd1 28.
Nxd1 Rd3 29. Qxd3 cxd3 30. Rxc6 Qb4 31. Rc8+ Nf8 32. Ra1 Qe1+ 33. Kg2 Qe2+ 34.
Bf2 N6h7 35. Nc3 Qxb2 36. Rd1 Qc2 37. h4 g5 38. Kf1 gxh4 39. gxh4 Kg7 40. Bxa7
Qh2 41. Rb8 Qh1+ 42. Kf2 Qxh4+ 43. Ke3 Qf6 44. Bb6 Ng5 45. Rf1 Nd7 46. Nd5 Qc6
47. a7 Nxb6 48. Rxb6 Qc5+ 49. Kxd3 Qa3+ 50. Ke2 Qxa7 51. Rd1 Qa2+ 52. Rd2 Qc4+
53. Kf2 h5 54. Ne3 Qc5 55. Rb7 Nh3+ 56. Ke2 Nf4+ 57. Kf2 Kg6 58. Rdd7 Qa5 59.
Rd6+ Kg5 60. Rbd7 Qa2+ 61. Rd2 Qe6 62. Rd8 f6 63. R8d7 Kg6 64. Nf5 Qb6+ 65. Kf1
Qb1+ 66. Kf2 Ne6 67. R2d6 Kg5 68. Re7 Qc2+ 69. Kg1 Nc7 70. Kh1 Qc3 71. Kh2 Qc1
72. Kg2 Qc5 73. Rd2 Qc3 74. Rf2 Kf4 75. Ng3 Qc6 76. Nxh5+ Kg5 77. Ng7 Kg6 78.
Kh2 Kh7 79. Rd2 Nd5 80. exd5 Qc1 81. Nh5+ Kh6 82. Rg2 Qc4 83. f4 Qa4 84. Rf7
exf4 85. Rf8 Qe4 86. Rh8+ Qh7 87. Rxh7+ Kxh7 88. Nxf6+ Kh6 89. d6 f3 90. Rg6+
Kxg6 91. Nd5 Kf5 92. d7 Kg4 93. d8=Q Kf5 94. Kg3 Ke4 95. Nf4 Ke5 96. Kxf3 Kf5
97. Qd6 Kg5 98. Qg6+ Kh4 99. Qf6# {Hossa checkmated} 1-0

[Event "ICS rated standard match"]
[Site "204.178.125.65"]
[Date "2000.12.08"]
[Round "?"]
[White "Hossa"]
[Black "diep"]
[Result "0-1"]
[WhiteElo "2359"]
[BlackElo "2546"]
[PlyCount "90"]
[EventDate "2000.??.??"]

1. e4 e5 2. Nf3 Nc6 3. Bb5 a6 4. Ba4 Nf6 5. O-O Be7 6. Re1 b5 7. Bb3 O-O 8. h3
Bb7 9. d3 d6 10. a4 Na5 11. Ba2 b4 12. Be3 c5 13. Nbd2 Bc6 14. Qe2 Qe8 15. b3
Bd7 16. Nf1 Nc6 17. Bg5 Nd4 18. Nxd4 cxd4 19. Qd2 a5 20. Ng3 h6 21. Bxh6 gxh6
22. Qxh6 Rc8 23. Re2 Qd8 24. Qg5+ Kh8 25. Qh6+ Nh7 26. f4 Bh4 27. Nh5 Rg8 28.
Qxd6 Bxh3 29. Qxe5+ f6 30. Qb5 Bg4 31. Rd2 Qc7 32. Qc4 Qa7 33. Qd5 Rgd8 34. Qb5
Rc5 35. g3 Bxh5 36. gxh4 Rg8+ 37. Rg2 Rxg2+ 38. Kxg2 Qg7+ 39. Kf1 Rxb5 40. Kf2
Qg4 41. f5 Qf3+ 42. Kg1 Qg3+ 43. Kf1 Bf3 44. axb5 Qg2+ 45. Ke1 Qe2# {
Hossa checkmated} 0-1

[Event "ICS Rated standard match"]
[Site "204.178.125.65"]
[Date "2000.12.08"]
[Round "?"]
[White "ChesterX"]
[Black "Hossa"]
[Result "0-1"]
[WhiteElo "2305"]
[BlackElo "2351"]
[PlyCount "160"]
[EventDate "2000.??.??"]

1. g3 e6 2. Nf3 Nf6 3. Bg2 d5 4. d3 Bd6 5. O-O O-O 6. Nc3 c6 7. e4 e5 8. exd5
Nxd5 9. Ne4 Bc7 10. d4 exd4 11. Nxd4 Na6 12. c4 Nb6 13. c5 Nc4 14. Qd3 Ne5 15.
Qe3 Re8 16. Rd1 Bg4 17. f3 Be6 18. b3 Bd7 19. Nd6 Bxd6 20. cxd6 Qf6 21. Ba3 c5
22. Nc2 Bf5 23. Qd2 Bxc2 24. Qxc2 Nxf3+ 25. Kh1 Nd4 26. Qc4 b5 27. Qd5 Rad8 28.
Bxc5 Nxc5 29. Rxd4 Re5 30. Qf3 Rf5 31. Qd1 Rf2 32. b4 Ne6 33. Rd3 Qb2 34. Rb1
Qxa2 35. Ra1 Qb2 36. Rb1 Qc2 37. Rc1 Qxd1+ 38. Rdxd1 Rb2 39. Ra1 Rxb4 40. Rxa7
Rd4 41. Rxd4 Nxd4 42. Bd5 Ne6 43. Ra6 g6 44. Ra8 Rxa8 45. Bxa8 Kf8 46. Kg2 b4
47. Bd5 Nd4 48. h4 b3 49. d7 Ke7 50. Bxf7 b2 51. Ba2 Nb5 52. Bb1 Nc3 53. Bd3
b1=Q 54. Bxb1 Nxb1 55. d8=Q+ Kxd8 56. Kf3 Nd2+ 57. Kf4 Ke7 58. g4 Kf6 59. g5+
Ke6 60. Kg4 Ke5 61. Kg3 Kf5 62. Kf2 Kg4 63. Ke3 Kxh4 64. Kf4 Ne4 65. Kxe4 Kxg5
66. Ke5 h5 67. Ke4 h4 68. Ke3 h3 69. Kf3 Kh4 70. Kf2 g5 71. Kf3 g4+ 72. Kf2 g3+
73. Kf3 g2 74. Kf2 Kg4 75. Ke3 g1=Q+ 76. Ke4 Qc5 77. Kd3 Kf3 78. Kd2 Qc4 79.
Kd1 Ke3 80. Ke1 Qc1# {ChesterX checkmated} 0-1

[Event "ICS Rated standard match"]
[Site "204.178.125.65"]
[Date "2000.12.08"]
[Round "?"]
[White "AvernoX"]
[Black "Hossa"]
[Result "0-1"]
[WhiteElo "2330"]
[BlackElo "2365"]
[PlyCount "202"]
[EventDate "2000.??.??"]

1. c4 c5 2. Nf3 Nf6 3. Nc3 e6 4. e4 Nc6 5. Be2 Be7 6. O-O O-O 7. d4 cxd4 8.
Nxd4 d6 9. Bg5 Nxd4 10. Qxd4 Nxe4 11. Nxe4 Bxg5 12. Rfd1 e5 13. Qd5 Be6 14.
Qxb7 Be7 15. Rd2 Rc8 16. Qxa7 Bxc4 17. Bxc4 Rxc4 18. Qb7 Rc7 19. Qd5 Qb8 20.
Rad1 Rd8 21. Ng3 Bg5 22. Re2 Rc5 23. Qe4 Qc7 24. Nf5 g6 25. Qg4 h6 26. Ne3 d5
27. b4 f5 28. Qg3 Rc3 29. h4 f4 30. Qg4 fxe3 31. hxg5 exf2+ 32. Rxf2 Qb6 33.
gxh6 Rc2 34. Qf3 Kh7 35. a4 Rxf2 36. Qxf2 Qxb4 37. Qf6 Qc5+ 38. Kh2 Qf8 39.
Qxe5 Qxh6+ 40. Kg3 Qh5 41. Qe7+ Kh6 42. Rd4 Qg5+ 43. Qxg5+ Kxg5 44. a5 Rd6 45.
Kf3 Kf5 46. Rb4 Rc6 47. Ke3 Ke5 48. Rb3 Rc2 49. Kf3 Ra2 50. Rb5 g5 51. Rc5 Kd4
52. Rc7 Rxa5 53. Rg7 Ra3+ 54. Kg4 Ra2 55. g3 Rg2 56. Kf3 Rg1 57. Rxg5 Rf1+ 58.
Ke2 Rc1 59. Rg7 Rc3 60. Kd2 Ra3 61. Kc2 Rf3 62. Kd1 Rf2 63. g4 Kd3 64. Ke1 Re2+
65. Kf1 d4 66. g5 Re5 67. g6 Rf5+ 68. Kg2 Rf6 69. Kg3 Kd2 70. Kg4 d3 71. Kg5
Rf2 72. Kh4 Rg2 73. Kh3 Rg1 74. Kh2 Rg5 75. Rg8 Ke3 76. Re8+ Kf3 77. Rd8 Ke2
78. Re8+ Kd1 79. Rg8 d2 80. g7 Rh5+ 81. Kg3 Rc5 82. Kf4 Rc7 83. Ke3 Kc2 84. Re8
Rxg7 85. Rc8+ Kd1 86. Kf3 Rf7+ 87. Kg3 Rf5 88. Rc6 Ke2 89. Re6+ Kd3 90. Rd6+
Ke3 91. Rd7 Rf3+ 92. Kh2 Ke2 93. Kg2 Re3 94. Rd8 d1=Q 95. Rxd1 Kxd1 96. Kf2 Rd3
97. Kf1 Rd2 98. Kg1 Ke1 99. Kh1 Kf2 100. Kh2 Rd3 101. Kh1 Rh3# {
AvernoX checkmated} 0-1

[Event "ICS rated standard match"]
[Site "204.178.125.65"]
[Date "2000.12.08"]
[Round "?"]
[White "Hossa"]
[Black "diep"]
[Result "0-1"]
[WhiteElo "2379"]
[BlackElo "2557"]
[PlyCount "92"]
[EventDate "2000.??.??"]

1. d4 Nf6 2. c4 e6 3. Nf3 Bb4+ 4. Bd2 Qe7 5. g3 Nc6 6. Nc3 Bxc3 7. bxc3 d5 8.
cxd5 exd5 9. Bg2 Be6 10. O-O Ne4 11. Qb3 O-O-O 12. Bc1 Na5 13. Qa4 b6 14. Qc2
Nc4 15. a4 a5 16. Bf4 g5 17. Bc1 h5 18. Nd2 Nexd2 19. Bxd2 f5 20. Ra2 h4 21.
Qd3 hxg3 22. fxg3 Rde8 23. Rf2 Nd6 24. Bf3 Rh7 25. Qc2 Rg8 26. Bc1 f4 27. Ba3
Rgh8 28. gxf4 g4 29. f5 gxf3 30. exf3 Rg8+ 31. Kh1 Rhg7 32. Qc1 Bxf5 33. Rae2
Qd7 34. Bxd6 Qxd6 35. Rg2 Bh3 36. Rxg7 Rxg7 37. Qe3 Qa3 38. Qe8+ Kb7 39. Qe5
Qc1+ 40. Re1 Qd2 41. Qe2 Bg2+ 42. Kg1 Bxf3+ 43. Kf1 Bxe2+ 44. Rxe2 Qd1+ 45. Kf2
Qg1+ 46. Kf3 Rf7# {Hossa checkmated} 0-1